| Tag |
First Indicator |
Second Indicator |
Subfields |
| LEADER |
00000cam a2200000 a 4500 |
| 001 |
in00001403473 |
| 005 |
20151020055529.0 |
| 008 |
971022s1997 enkabf b 001 0beng d |
| 020 |
|
|
|a 0720610036
|
| 035 |
|
|
|a (OCoLC)37824209
|
| 035 |
|
|
|9 AHN4722AM
|
| 040 |
|
|
|a NTE
|c NTE
|d TXA
|d UtOrBLW
|
| 049 |
|
|
|a TXAM
|
| 090 |
|
|
|a ML410.L7
|b Z35 1997
|
| 100 |
1 |
|
|a Załuski, Iwo.
|
| 245 |
1 |
0 |
|a Young Liszt /
|c Iwo and Pamela Załuski.
|
| 264 |
|
1 |
|a London ;
|a Chester Springs, PA :
|b P. Owen,
|c 1997.
|
| 300 |
|
|
|a 208 pages, 4 unnumbered pages of plates :
|b illustrations, maps. ;
|c 23 cm.
|
| 336 |
|
|
|a text
|b txt
|2 rdacontent
|
| 337 |
|
|
|a unmediated
|b n
|2 rdamedia
|
| 338 |
|
|
|a volume
|b nc
|2 rdacarrier
|
| 504 |
|
|
|a Discography: page 203.
|
| 504 |
|
|
|a Includes bibliographical references (pages [199]-203) and index.
|
| 600 |
1 |
0 |
|a Liszt, Franz,
|d 1811-1886.
|
| 650 |
|
0 |
|a Composers
|v Biography.
|
| 700 |
1 |
|
|a Załuski, Pamela.
|
| 999 |
|
|
|a MARS
|
| 999 |
f |
f |
|s 88dc5d32-a32e-30a6-965f-e420f992158c
|i 94878f27-437c-3061-a9c5-1d53aec32ca6
|t 0
|
| 952 |
f |
f |
|p ric
|a Texas A&M University
|b Rellis Campus
|c Joint Library Facility
|d Remote Storage
|t 0
|e ML410.L7 Z35 1997
|h Library of Congress classification
|i unmediated -- volume
|m A14822134000
|
| 998 |
f |
f |
|a ML410.L7 Z35 1997
|t 0
|l Remote Storage
|